| 000 | 00402 a2200157 4500 | ||
|---|---|---|---|
| 005 | 20250627095548.0 | ||
| 020 | _a0-07-082220-4 | ||
| 082 | _a651.3 SPA. | ||
| 100 | _aSPARLING, A. | ||
| 245 | _aOffice Procedures, | ||
| 250 | _a4th Ed. | ||
| 260 |
_aOttawa, _bMcGraw-Hill Ryerson Limited, _c1975. |
||
| 300 |
_axv.; 437.; Ill.; picture, _bIndex, _c24cm. |
||
| 700 | _aATTRIDGE, M. C. | ||
| 942 |
_2ddc _cBKS |
||
| 999 |
_c5585 _d5585 |
||